Educación y desarrollo en Costa Rica /

El proyecto "Desarrollo y educación en América Latina y el Caribe" se han propuesto analizar en forma específica algunos países en los cuales las relaciones entre desarrollo y educación revisten formas diferentes, y en algunos casos opuestos, a las que prevalecen en la generalidad de de lo...

Cijeli opis

Spremljeno u:
Bibliografski detalji
Glavni autor: García, José Fernando
Format: Tekst
Jezik:Spanish
Izdano: 1977
Teme:
Oznake: Dodaj oznaku
Bez oznaka, Budi prvi tko označuje ovaj zapis!

MARC

LEADER 00000 a a2200000 04500
001 16723
003 cru CIDCACS/IIS
005 20231205085337.0
008 231205b |||||||| |||| 00| 0 spa d
040 |c cru CIDCACS/IIS 
100 |a García, José Fernando  
245 |a Educación y desarrollo en Costa Rica /  |c José Fernando García 
260 |c 1977 
520 |a El proyecto "Desarrollo y educación en América Latina y el Caribe" se han propuesto analizar en forma específica algunos países en los cuales las relaciones entre desarrollo y educación revisten formas diferentes, y en algunos casos opuestos, a las que prevalecen en la generalidad de de los países de la región. El interés por ellos no proviene solo del afán de conocer la peculiaridad sino que la forma en que se presentan las relaciones en esos casos específicos puede constituir un punto de apoyo o una enseñanza respecto a la propuesto de políticas que el Proyecto debe realizar en su momento oportuno. En tal sentido se han recogido situaciones nacionales o subregionales para, a partir de ellas, realizar los estudios  
650 |a EDUCACION  
650 |a DESARROLLO  
650 |a SOCIEDAD  
650 |a PODER  
650 |a ECONOMIA  
650 |a POLITICA  
650 |a URBANIZACION  
650 |a ESTRATIFICAION SOCIAL  
650 |a COSTA RICA  
650 |a ANALFABETISMO  
650 |a POBLACION  
650 |a ASISTENCIA ESCOLAR  
773 |g volumen 14, 39/40; páginas 195-243  
942 |2 z  |c LI  |h 06.01.01 F363e  |i 09167  |6 060101_F363E_09167 
999 |c 30150  |d 30150